Statistics for Top 100 Largest Early Modern Empires by Population

Click here to take the quiz!

General Stats

  • This quiz has been taken 68 times
  • The average score is 42 of 100

Answer Stats

PopulationAnswerYearRegion% Correct
150,000,000Ming China1600East Asia
98%
29,345,868Spanish Empire1790Southern Europe
98%
330,000,000Qing China1800East Asia
96%
45,744,112French Empire1799Western Europe
94%
48,322,233Kingdom of France1753Western Europe
94%
39,046,460Ottoman Empire1771West Asia
94%
12,656,868Portuguese Empire1698Southern Europe
92%
50,511,820Russian Empire1796Eastern Europe
90%
15,495,756Tsardom of Russia1693Eastern Europe
90%
29,000,000Tokugawa Japan1800East Asia
88%
92,153,548British Empire1800Western Europe
85%
18,000,000Imperial Japan1581East Asia
85%
11,296,000Ashikaga Japan1568East Asia
83%
25,291,906Batavian Republic1795Western Europe
81%
22,107,153Dutch Empire1794Western Europe
81%
158,400,000Mughal Empire1700South Asia
81%
25,000,000Habsburg monarchy1789Central Europe
77%
4,690,000Kingdom of Poland1569Eastern Europe
73%
10,000,000Safavid Empire1700West Asia
73%
87,270,354Afsharid dynasty1740West Asia
69%
34,875,233Holy Roman Empire1797Central Europe
69%
6,300,000Qajar Empire1800West Asia
69%
2,700,000Swedish Empire1700Northern Europe
69%
5,308,483United States1800Northern America
69%
4,530,000Zand dynasty1780West Asia
69%
16,500,000Joseon1800East Asia
67%
12,000,000Inca Empire1500South America
63%
6,000,000Aztec Empire1500Central America
56%
8,944,290Dai Viet1789Southeast Asia
56%
20,000,000Mali Empire1500West Africa
56%
2,000,000Brandenburg-Prussia1700Central Europe
54%
10,700,000Kingdom of Prussia1800Central Europe
54%
3,280,000Kingdom of Sweden1800Northern Europe
54%
5,000,000Kingdom of Morocco1500North Africa
52%
13,060,680Saadi Sultanate1600North Africa
52%
3,500,000Wattasid dynasty1500North Africa
52%
3,600,000Grand Duchy of Lithuania1500Eastern Europe
50%
4,050,000Hungary-Croatia1500Eastern Europe
48%
8,875,104Commonwealth of England1659Western Europe
46%
11,368,962English Empire1706Western Europe
46%
17,789,225Bengal Subah1757South Asia
44%
11,411,410Bengal Sultanate1537South Asia
44%
6,320,833Rattanakosin Kingdom1800Southeast Asia
44%
2,238,960Ava Kingdom1557Southeast Asia
42%
3,690,750Ayutthaya Kingdom1766Southeast Asia
42%
2,950,000Ethiopian Empire1800East Africa
42%
6,700,000Kingdom of Naples1800Southern Europe
42%
2,000,000Republic of Venice1600Southern Europe
42%
2,162,840Sukhothai Kingdom1569Southeast Asia
42%
5,908,375Thonburi Kingdom1781Southeast Asia
42%
6,888,842Konbaung Empire1767Southeast Asia
40%
2,300,000Papal States1800Southern Europe
40%
3,498,320Taungoo Kingdom1751Southeast Asia
40%
6,000,000Toungoo Empire1584Southeast Asia
40%
52,563,000Delhi Sultanate1525South Asia
35%
1,992,824Republic of Genoa1797Southern Europe
35%
3,400,000Bavaria1799Central Europe
33%
7,343,820Mamluk Sultanate1516North Africa
33%
1,200,000Kingdom of Scotland1700Western Europe
31%
7,407,562Muscovy1546Eastern Europe
29%
4,131,740Golden Horde1504Eastern Europe
27%
3,000,000Kazakh Khanate1800Central Asia
25%
117,668,250Maratha Empire1760South Asia
25%
3,302,542Kingdom of Cambodia1755Southeast Asia
23%
4,000,000Kingdom of Nepal1800South Asia
23%
3,794,080Malla dynasty1778South Asia
23%
10,810,860Songhai Empire1500West Africa
23%
9,240,800Timurid Empire1506West Asia
23%
14,341,321Castille1515Southern Europe
21%
1,599,325Crown of Aragon1525Southern Europe
21%
1,899,720Kalmar Union1523Northern Europe
19%
2,900,000Kingdom of Sardinia1800Southern Europe
19%
14,000,000Poland-Lithuania1772Eastern Europe
19%
1,050,000Saxony1800Central Europe
19%
1,803,000Switzerland1792Central Europe
19%
1,224,000Grand Duchy of Tuscany1800Southern Europe
17%
14,629,919Kingdom of Mysore1615South Asia
17%
2,700,000Yuan dynasty1600East Asia
17%
790,000Kingdom of Kongo1650Central Africa
15%
6,095,025Sikh Empire1759South Asia
15%
35,509,663Durrani Empire1771South Asia
13%
34,641,036Iberian Union1620Southern Europe
13%
11,007,530Majapahit Empire1527Southeast Asia
13%
1,062,000Emirate of Diriyah1800West Asia
10%
5,014,160Aq Qoyunlu1503West Asia
8%
9,574,458Carnatic Sultanate1800South Asia
6%
2,193,833Denmark-Norway1800Northern Europe
6%
2,144,500Khanate of Bukhara1800Central Asia
6%
2,500,000Kingdom of ChampaUnknownSoutheast Asia
6%
2,175,016Oyo Empire1800West Africa
6%
71,692,790Sur Empire1554South Asia
6%
26,008,750Vijayanagara Empire1556South Asia
6%
936,000Hafsid Kingdom1568North Africa
4%
5,737,260Demak Sultanate1568Southeast Asia
2%
1,000,000Dzungar Khanate1700East Asia
2%
1,657,500Kingdom of Tlemclen1521North Africa
2%
4,000,000Talpur dynasty1800South Asia
2%
3,000,000Ahom Kingdom1750-1800South Asia
0%
1,770,000Nguyen lords1800Southeast Asia
0%
833,333Principality of Mingrelia1800West Asia
0%

Score Distribution

Percentile by Number Answered

Percent of People with Each Score

Your Score History

You have not taken this quiz